|
|
|
|
| LEADER |
00000nab#a22000007a#4500 |
| 001 |
arbauad038379 |
| 003 |
AR-BaUAD |
| 005 |
20250711113015.0 |
| 008 |
990721|||||||||###||||||b###|0###a|spa|| |
| 040 |
|
|
|a AR-BaUAD
|c AR-BaUAD
|b spa
|
| 245 |
1 |
0 |
|a Greater London House
|
| 300 |
0 |
|
|b fot., plantas, il.
|
| 500 |
|
|
|a Suplemento.
|
| 653 |
|
|
|a REINO UNIDO
|
| 653 |
|
|
|a INGLATERRA
|
| 653 |
|
|
|a LONDRES
|
| 653 |
|
|
|a GEHRY, FRANK
|
| 653 |
|
|
|a NOUVEL, JEAN
|
| 653 |
|
|
|a GREATER LONDON HOUSE
|
| 653 |
|
|
|a RESTAURACION
|
| 653 |
|
|
|a FACHADAS
|
| 653 |
|
|
|a ART DECO
|
| 653 |
|
|
|a EDIFICIOS DE OFICINAS
|
| 653 |
|
|
|a HISTORIA
|
| 773 |
0 |
|
|t BLUEPRINT
|g no. 162 [jun. 1999]
|
| 942 |
|
|
|c ARTI
|
| 952 |
|
|
|0 0
|1 0
|4 0
|7 0
|9 83298
|a AR-BAuAD
|b AR-BAuAD
|d 2025-07-11
|l 0
|p AAQA038379
|r 2025-07-11 11:30:15
|w 2025-07-11
|y ARTI
|
| 990 |
|
|
|a AQ199
|b TD
|
| 998 |
|
|
|a AAQ
|b BIBUN76
|
| 999 |
|
|
|c 62971
|d 62971
|